[Т. 1]; Каталитические свойства веществ

Bibliografische gegevens
Parent link:Каталитические свойства веществ: справочник/ Т. Т. Бакуменко, А. А. Белая, В. Я. Вольфсон и др.; Академия наук Украинской ССР; Институт физической химии; Под ред. В. А. Ройтера. [Т. 1].— , 1968-1977
Taal:Russisch
Gepubliceerd in: 1968
Onderwerpen:
Formaat: Boek
KOHA link:https://koha.lib.tpu.ru/cgi-bin/koha/opac-detail.pl?biblionumber=45113

MARC

LEADER 00000nam2a2200000 4500
001 45113
005 20231031023712.0
035 |a (RuTPU)RU\TPU\book\46866 
090 |a 45113 
100 |a 20021202d1968 km y0rusy50 ca 
101 0 |a rus 
102 |a UA 
105 |a a g 001zy 
200 0 |a [Т. 1] 
210 |d 1968 
215 |a 1463 с.  |c ил. 
320 |a Библиогр. в конце глав. 
320 |a Указ. каталит. реакций: с. 1446-1462. 
461 1 |0 (RuTPU)RU\TPU\book\46864  |t Каталитические свойства веществ  |o справочник  |f Т. Т. Бакуменко, А. А. Белая, В. Я. Вольфсон и др.  |g Академия наук Украинской ССР; Институт физической химии; Под ред. В. А. Ройтера  |v [Т. 1]  |d 1968-1977 
610 1 |a химия 
610 1 |a катализ 
610 1 |a катализаторы 
610 1 |a справочники 
675 |a 544.47(035)  |v 3 
801 1 |a RU  |b 63413507  |c 20021202  |g PSBO 
801 2 |a RU  |b 63413507  |c 20180531  |g PSBO 
942 |c BK